Ultimo - Rondini al guinzaglio - Testo - Statistics

Statistiche generali
  • Questo quiz è stato fatto 217 volte
  • Il punteggio medio è 274 su 350
Statistiche sulle risposte
Risposta % Corretto
a
100%
al
98%
e
98%
E
98%
è
98%
guinzaglio
98%
ma
96%
Ma
96%
se
96%
te
96%
ci
95%
le
95%
si
95%
Tu
95%
tu
95%
lo
94%
rondine
94%
il
93%
un
92%
mi
91%
con
89%
Dove
89%
dove
89%
Dov'è
89%
che
88%
Che
88%
la
88%
Per
88%
per
88%
mare
87%
del
86%
in
86%
non
85%
Portami
85%
portami
85%
sei
85%
Ogni
82%
ogni
82%
onde
82%
sia
82%
cose
81%
sentire
81%
una
81%
vola
81%
posto
80%
ribella
79%
ti
79%
anche
78%
basta
78%
mio
78%
ami
77%
di
77%
mondo
76%
sbaglio
76%
tocca
76%
bagaglio
75%
qualche
75%
rimpianto
75%
vecchio
75%
dovunque
74%
esisti
74%
lontane
74%
cielo
73%
tutto
73%
trasforma
72%
leggero
71%
tuo
71%
vuoi
71%
vuoi,
71%
rumore
70%
vento
70%
birra
69%
sai
69%
vicino
69%
momento
68%
senza
68%
mai
67%
qualsiasi
66%
65%
parlare
65%
preferisci
62%
attimo
61%
fare
61%
modo
61%
sorriso
61%
amate
59%
guardi
59%
prego
59%
sempre
59%
tanto
59%
sicuro
58%
alto
57%
amare
56%
ad
55%
attentamente
54%
faccia
54%
lascia
54%
muove
52%
solito
51%
vivere
49%
hai
48%
torneresti
48%
incanto
47%
Perché
47%
perché
47%
ponte
46%
minuto
45%
c'è
44%
passate
44%
Quando
44%
dolore
43%
solo
43%
vita
43%
metti
42%
piede
41%
alle
40%
loro
40%
note
40%
sole
40%
vuote
40%
dei
39%
due
39%
intenso
39%
niente
39%
pagine
39%
piedi
39%
sarà
39%
unisce
39%
corsa
38%
scritturano
38%
passo
37%
primavera
37%
esci
36%
nostra
35%
piove
35%
puoi
35%
mente
34%
bagnare
32%
compi
32%
risposta
30%
ostacola
28%
nutrirlo
26%
idee
25%
riempi
25%
un'ipotesi
25%
pensarlo
21%
Nessun quiz corrispondente trovato
Distribuzione punteggi
Percentuale di utenti per punteggio
Percentile per numero di risposta
I tuoi punteggi nel tempo
Non hai fatto questo quiz